Les 7 merveilles du monde - Images. - Statistiques

Statistiques générales
  • Ce quiz a été pris 407 fois
  • Le résultat moyen est 4 sur 7
Statistiques - réponses
Par images Hint Réponse % Correct
Irak Jardins suspendus de Babylone
83%
Égypte Phare d'Alexandrie
79%
Grèce Statue chryséléphantine de Zeus
77%
Grèce Colosse de Rhodes
74%
Égypte Pyramide de Khéops
53%
Turquie Temple d'Artémis
42%
Turquie Mausolée d'Halicarnasse
38%
Aucun quiz correspondant
Distribution des résultats
% des personnes avec chaque résultat
Percentile par nombre de réponses
Votre historique - résultats
Vous n’avez pas pris ce quiz